000 01008nam a22003017a 4500
001 7862
003 FISKH
005 20250812103722.0
008 250812b cb ||||| |||| 00| 0 eng d
020 _a0590379445
040 _aFISKH
_beng
_cFISKH
_dFISKH
050 _aQH105.N7 G46
082 _a508.747
100 _aGeorge, Craighead Jean
_d(1919–2012)
245 _aOne day in the woods /
_cBy Jean Craighead George ; Illustrated by Gary Allen
250 _aThis edition first published in 1998
260 _aNew York :
_bScholastic,
_c1988
300 _a52 pages :
_billustrations ;
_c20 cm
505 _aW
520 _aRebecca discovers many things about plant and animal life when she spends the day in Teatown Woods in the Hudson Highlands of New York looking for the ovenbird.
521 8 _a860
_bLexile
521 8 _aW
_bRaz-Plus
650 _2Animals
_aEcology
650 _2Adventure
_aNature
700 _aAllen, Gary
_dillustrator
942 _2ddc
_cBK
_n0
999 _c7862
_d7862